Harry Gruyaert.

Shranjeno v:
Bibliografske podrobnosti
Glavni avtor: Hébel, François (foreword)
Drugi avtorji: Nonas, Richard (afterword)
Format: Knjiga
Jezik:angleščina
Izdano: New York, United States of America: Thames & Hudson, 2015.
Teme:
Oznake: Označite
Brez oznak, prvi označite!

MARC

LEADER 00000nam a22000007a 4500
003 CL-VaPUC
005 20250407202437.0
008 250306t2015 ||||| |||| 00| 0 eng d
999 |c 447129  |d 447127 
020 |a 978-0-500-54448-8 
040 |c Pontificia Universidad Católica de Valparaíso 
082 |2 22  |a 779.2092 GRU 2015 
100 |9 896353  |a Hébel, François  |e foreword 
245 |a Harry Gruyaert. 
260 |a New York, United States of America:  |b Thames & Hudson,  |c 2015. 
300 |a 145 páginas:  |b fotografías. 
500 |a c.1 Instituto Arcos. 08-01-2025 
583 |c 20250306  |k Yessy Sthefany Diaz Vidal 
600 0 |9 896360  |a Gruyaert, Harry,  |d 1941-  |x Fotógrafo belga  |v Fotografías a color 
650 0 |9 535989  |a Fotografías artísticas  |x Personas, lugares, etc.  |y Siglo 20 
700 |9 896354  |a Nonas, Richard  |e afterword 
942 |2 ddc  |c BK  |n 0 
952 |0 0  |1 0  |2 ddc  |4 0  |6 779_209200000000000_GRU_2015  |7 0  |8 A  |9 600667  |a BIBINC  |b BIBINC  |d 2025-03-06  |e Instituto Arcos  |i 5665458  |l 1  |o 779.2092 GRU 2015  |p 5665458  |r 2025-03-19  |s 2025-03-19  |t 1  |w 2025-03-06  |y BK  |k IFP